| 000 | 00613nam a2200241 a 4500 | ||
|---|---|---|---|
| 001 | nice12345678 | ||
| 003 | IN_TiNIC | ||
| 005 | 20260116012955.0 | ||
| 008 | 050524s1975 newa grp 000 0 eng | ||
| 020 |
_a _c45 |
||
| 082 | 0 | 0 |
_a323.39710954 _bBAL |
| 100 | _aBaldev, | ||
| 245 | _aIndia Pakistan and Muslim Politics | ||
| 260 |
_aNew Delhi _bInternational Reporter Publications _c1975 |
||
| 300 | _a178p | ||
| 500 | _aincludes index and biblioraphy | ||
| 505 | 2 | _aIndex, Bibliography | |
| 650 | _aMuslims-India-Politics | ||
| 700 | 1 | _aBaldev, | |
| 902 | _bSRS | ||
| 942 | _cBK | ||
| 999 |
_c9123 _d9123 |
||